| 000 | 00000nas 2200000za 4500 |
| 001 | 9.827725 |
| 003 | CaOODSP |
| 005 | 20221107144856 |
| 007 | cr ||||||||||| |
| 008 | 161117d19841984oncar p oss f0###b0fre|d |
| 022 | |y0828-9964 |
| 040 | |aCaOODSP|bfre |
| 041 | |aeng|afre |
| 043 | |an-cn--- |
| 086 | 1 |aCS41-230-PDF |
| 245 | 00|aNon-ferrous metal rolling, casting and extruding industries |h[ressource électronique] / |cStatistics Canada, Industry Division, Census of Manufactures Section = Industries du laminage, du moulage et de l'extrusion de métaux non ferreux / Statistique Canada, Division de l'industrie, Section du recensement des manufactures. |
| 246 | 11|aIndustries du laminage, du moulage et de l'extrusion de métaux non ferreux |
| 260 | |aOttawa : |bStatistics Canada = Statistique Canada, |c1986. |
| 310 | |aAnnuel |
| 362 | 0 |a1984. |
| 490 | 0 |aAnnual census of manufactures = Recensement annuel des manufactures |
| 500 | |aÉdition numérisée de l’imprimé [par Statistique Canada]. |
| 520 | |a« Aux dins de la statistique, cette industrie comprend les établissements dont l'activité principale est la fabrication de formes primaires en aluminium et en alliages d'alluminium, y compris toyaux, tubes et poudre d'aluminium »--p. 7. |
| 546 | |aTexte en anglais et en français. |
| 580 | |aFusionné avec: Non-ferrous metal smelting and refining industries; et, Primary steel, steel pipe and tube industries and iron founderies [i.e. foundries], et devient: Primary metal industries (Ottawa, Ont.). |
| 692 | 07|2gccst|aIndustrie de la fabrication |
| 692 | 07|2gccst|aStatistique |
| 710 | 1 |aCanada. |bStatistique Canada. |bSection du recensement des manufactures. |
| 780 | 00|tNon-ferrous metal rolling, casting and extruding |w(CaOODSP)9.827718 |
| 785 | 00|tPrimary metal industries |w(CaOODSP)9.827911 |
| 791 | |tNon-ferrous metal rolling, casting and extruding industries |eeng|w(CaOODSP)9.827722 |